Nueva idea de la tragedia antigua, ó ilustracion ultima al libro singular De Poetica de Aristoteles Stagirita / (Record no. 154567)
[ view plain ]
| 000 -LEADER | |
|---|---|
| campo de control de longitud fija | 02135nam a2200325 i 4500 |
| 001 - NÚMERO DE CONTROL | |
| campo de control | 154567 |
| 003 - IDENTIFICADOR DE NÚMERO DE CONTROL | |
| campo de control | ES-MaACL |
| 005 - FECHA Y HORA DE LA ÚLTIMA TRANSACCIÓN | |
| campo de control | 20251013231358.0 |
| 008 - DATOS DE LONGITUD FIJA--INFORMACIÓN GENERAL | |
| campo de control de longitud fija | 960129s1778 sp |||| | spa d |
| 040 ## - FUENTE DE CATALOGACIÓN | |
| Centro catalogador/agencia de origen | EUS |
| Lengua de catalogación | spa |
| Centro/agencia transcriptor | EUS |
| 100 1# - ENTRADA PRINCIPAL--NOMBRE DE PERSONA | |
| Nombre de persona | González de Salas, José Antonio, |
| Fechas asociadas al nombre | ca. 1588-1651 |
| 9 (RLIN) | 127445 |
| 245 10 - MENCIÓN DEL TÍTULO | |
| Título | Nueva idea de la tragedia antigua, ó ilustracion ultima al libro singular De Poetica de Aristoteles Stagirita / |
| Mención de responsabilidad, etc. | por don Iusepe Antonio González de Salas ; parte primera [- segunda]. |
| 246 ## - FORMA VARIANTE DEL TITULO | |
| Texto de visualización | Título de la anteportada : |
| Título propio/Titulo breve | Ilustracion al libro De Poetica de Aristoteles Stagirita |
| 246 2# - FORMA VARIANTE DEL TITULO | |
| Texto de visualización | Título de la anteportada : |
| Título propio/Titulo breve | Tragedia practica |
| 260 ## - PUBLICACIÓN, DISTRIBUCIÓN, ETC. | |
| Lugar de publicación, distribución, etc. | En Madrid : |
| Nombre del editor, distribuidor, etc. | por D. Antonio de Sancha : se hallará en su Librería ..., |
| Fecha de publicación, distribución, etc. | 1778. |
| 300 ## - DESCRIPCIÓN FÍSICA | |
| Extensión | 2 v.([22], 311 p., [2] h. de lám. ; [4], XL, 280, [3] p., [1] en bl., [1] h. de lám.) ; |
| Dimensiones | 8º. |
| 505 8# - NOTA DE CONTENIDO CON FORMATO | |
| Nota de contenido con formato | t. II. Las Troianas, de Lucio Anneo Séneca en versión española-latina, (p. 53-246) |
| 530 ## - NOTA DISPONIBLE DE FORMULARIO FÍSICO ADICIONAL | |
| Nota de formato físico adicional disponible | Disponible también en sitio web. |
| 594 ## - Nota al título y mención de responsabilidad | |
| Nota al título y mención de responsabilidad | Título del t. II: Tragedia practica i observaciones que deben preceder a la tragedia española intitulada: Las Troyanas. |
| 597 ## - NOTA DE DESCRIPCIÓN FÍSICA | |
| NOTA DE DESCRIPCIÓN FÍSICA | Sign.: ¶8, 2¶4, A-T8, V4 ; [ ]², *-2*8, 3*4, A-R8, S6. |
| 599 ## - NOTA A LAS ILUSTRACIONES | |
| NOTA A LAS ILUSTRACIONES | Las h. de lám. del t. I son grabado calcográfico de tema clásico: "Ant.s. Carnicero invt. et delt. Moreno Tejada fct.", y otro de tema teatral: "A. Carnicero del. J.J. Fabregat inv." La h. de lám. del tomo II es retrato calcográfico de Séneca: "A. Carnicero delt. J.J. Fabregat inc." |
| 700 0# - ENTRADA AGREGADA--NOMBRE PERSONAL | |
| Nombre de persona | Séneca, Lucio Anneo. |
| 9 (RLIN) | 105451 |
| 700 1# - ENTRADA AGREGADA--NOMBRE PERSONAL | |
| Nombre de persona | Carnicero, Antonio. |
| 9 (RLIN) | 35379 |
| 700 1# - ENTRADA AGREGADA--NOMBRE PERSONAL | |
| Nombre de persona | Moreno Tejada, Juan. |
| 9 (RLIN) | 130174 |
| 700 1# - ENTRADA AGREGADA--NOMBRE PERSONAL | |
| Nombre de persona | Fabregat, José Joaquín, |
| Fechas asociadas al nombre | 1748-1807 |
| 9 (RLIN) | 150757 |
| 740 0# - ENTRADA AGREGADA--TÍTULO RELACIONADO/ANALÍTICO NO CONTROLADO | |
| Título relacionado o analítico no controlado | Tragedia practica i observaciones que deben preceder a la tragedia española intitulada: Las Troyanas. |
| 852 ## - LOCALIZACIÓN | |
| Ubicación | ES-MaACL |
| Número de control de estantería | R-417-18 |
| Nota libre | -- Enc. hol. |
| condición física | -- Falto de las hh. de grab. |
| Encuadernación | Olim: D-5109-10 |
| 856 ## - LOCALIZACIÓN Y ACCESO ELECTRÓNICOS | |
| Identificador Uniforme de Recursos | <a href="http://bibliotecadigitalhispanica.bne.es:80/webclient/DeliveryManager?pid=2839080&custom_att_2=simple_viewer">http://bibliotecadigitalhispanica.bne.es:80/webclient/DeliveryManager?pid=2839080&custom_att_2=simple_viewer</a> |
| Nota pública | Ir a la página |
| Estatus retirado | Estado de pérdida | Estado de daño | No para préstamo | Colección | Biblioteca de origen | Biblioteca actual | Ubicación en estantería | Fecha de adquisición | Total de préstamos | Signatura topográfica completa | Código de barras | Visto por última vez | Precio de reemplazo | Tipo de ítem Koha |
|---|---|---|---|---|---|---|---|---|---|---|---|---|---|---|
| Colección digital | Biblioteca del Ateneo de Madrid | Biblioteca del Ateneo de Madrid | Depósito | 17/01/2008 | R-417-18 | 1161656 | 23/02/2023 | 23/02/2023 | Libro impreso antiguo |
